| 000 | 00622nam a2200169Ia 4500 | ||
|---|---|---|---|
| 008 | 090711s9999 xx 000 0 und d | ||
| 082 | _b1724 | ||
| 100 | _aगांगुर्डे विश्र्वास | ||
| 245 | _aन उलगडणारी नाती | ||
| 260 |
_bसमाधी प्रकाशन _c2000 |
||
| 300 | _a161 | ||
| 600 | _aगांगुर्डे विश्र्वास | ||
| 630 | _aन उलगडणारी नाती | ||
| 700 | _aगांगुर्डे विश्र्वास | ||
| 730 | _aन उलगडणारी नाती | ||
| 942 | _cBOOK | ||
| 999 |
_c338764 _d338761 |
||